La ruta del oro en la antigua frontera del Biobío

Uloženo v:
Podrobná bibliografie
Hlavní autor: Espinoza Olivares, Luis H (Autor)
Médium: Kniha
Jazyk:španělština
Vydáno: Concepción Archivo Histórico de Concepción 2018
Vydání:1a. ed
Témata:
Tagy: Přidat tag
Žádné tagy, Buďte první, kdo vytvoří štítek k tomuto záznamu!

MARC

LEADER 00000cam a2200000 a 4500
001 UCC6939
003 CL-VaPUC
008 190118e20180000cl |||||||||||||||||spa|d
020 |a 9789569657139 
082 0 4 |a 983.03  |b ESP  |2 21 
100 0 |a Espinoza Olivares, Luis H  |e author  |9 601469 
245 1 3 |a La ruta del oro en la antigua frontera del Biobío 
250 |a 1a. ed 
300 |a 106 p 
942 |c BK 
945 |d 20190118 13:18:00  |a dcastane 
260 |a Concepción  |b Archivo Histórico de Concepción  |c 2018 
650 0 |a Historia de la minería  |9 326009 
650 0 |a Minería chilena  |9 375905 
650 7 |a ORO  |2 CL-VaPUC  |9 324927 
583 |a last modification  |c 20190118 13:18:00  |k Rodrigo Vera 
999 |c 373757  |d 373755 
952 |0 0  |1 0  |3 erb  |4 0  |6 983_030000000000000_ESP_2018  |7 0  |8 A  |9 491986  |a BIBHIS  |b BIBHIS  |i 553108K  |o 983.03 ESP 2018  |p 553108K  |r 2025-01-20  |w 2019-11-24  |y BK  |z Catalogado en:20190118  |k HIS